Statistics for Layers of the Earth and Atmosphere

Click here to take the quiz!

General Stats

  • This quiz has been taken 14,257 times
  • The average score is 5 of 9

Answers on the Map

Answers color-coded by a green-red scale on the quiz's map according to % correct below.
Loading ...
 

Answer Stats

Layer % Correct
Stratosphere
79%
Crust
77%
Mantle
67%
Outer Core
53%
Inner Core
53%
Troposphere
45%
Mesosphere
35%
Exosphere
30%
Thermosphere
23%

Score Distribution

Percentile by Number Answered

Percent of People with Each Score

Your Score History

You have not taken this quiz